Fašismus : historické kořeny hnutí a jeho projevy v současnosti /
Uloženo v:
| Hlavní autor: | |
|---|---|
| Další autoři: | |
| Médium: | Kniha |
| Jazyk: | Czech |
| Vydáno: |
Praha :
Epocha,
2026
|
| Vydání: | První vydání |
| Témata: | |
| Celkem bylo vypůjčeno: | 0x |
| Tagy: |
Žádné tagy |
| LEADER | 01626nam a2200421 i 4500 | ||
|---|---|---|---|
| 001 | 106438 | ||
| 003 | CZ PrSKC | ||
| 005 | 20260602122115.0 | ||
| 007 | ta | ||
| 008 | 260522s2026 xr ach e 001 0 cze d | ||
| 020 | |a 9788027802852 |q (vázáno) : |c Kč 1150.00 | ||
| 040 | |a KLG001 |b cze |e rda | ||
| 041 | 1 | |a cze |h slo | |
| 072 | 7 | |a 321 |x Politologie |2 Konspekt |9 15 | |
| 080 | |a 329.18 |2 MRF | ||
| 080 | |a 321:328/329 |2 MRF | ||
| 080 | |a (4) |2 MRF | ||
| 080 | |a (048.8) |2 MRF | ||
| 100 | 1 | |a Drábik, Jakub, |d 1986- |7 jo2014852073 |4 aut |9 117398 | |
| 245 | 1 | 0 | |a Fašismus : |b historické kořeny hnutí a jeho projevy v současnosti / |c Jakub Drábik ; ze slovenštiny přeložila Pavlína Kajnarová |
| 250 | |a První vydání | ||
| 264 | 1 | |a Praha : |b Epocha, |c 2026 | |
| 300 | |a 708 stran : |b ilustrace, portréty, faksimile ; |c 25 cm | ||
| 336 | |a text |b txt |2 rdacontent | ||
| 337 | |a bez média |b n |2 rdamedia | ||
| 338 | |a svazek |b nc |2 rdacarrier | ||
| 504 | |a Obsahuje bibliografické odkazy, bibliografii a rejstřík | ||
| 650 | 0 | 7 | |a fašismus |7 ph120146 |x dějiny |2 czenas |
| 650 | 0 | 7 | |a fašismus |7 ph120146 |x teorie |2 czenas |
| 650 | 0 | 7 | |a fašismus |7 ph120146 |z Evropa |2 czenas |
| 650 | 0 | 7 | |a srovnávací politologie |7 ph121758 |2 czenas |
| 655 | 7 | |a monografie |7 fd132842 |2 czenas |9 53720 | |
| 700 | 1 | |a Kajnarová, Pavlína |7 xx0307467 |4 trl |9 117399 | |
| 710 | 2 | |a Epocha (nakladatelství) |7 xx0214891 |4 pbl |9 117400 | |
| 910 | |a UOG502 | ||
| 942 | |2 ddc |c KN | ||
| 999 | |d 106438 | ||
| 993 | |0 0 |1 421180107152 |2 ddc |4 0 |6 32_000000000000000 |7 0 |9 99865 |b 0 |c 107152 |d 2026-06-02 |e 0 |f DOSP |g 32 |h 1150.00 |i Koupě |l DOSP |r 2026-06-02 |t 5 |w 2026-06-02 |y KN |z NAUCNA |n | ||